La oposición democrática en Brasil: 1964-1977
Sparad:
| Huvudupphovsman: | |
|---|---|
| Materialtyp: | Text |
| Publicerad: |
México :
|
| Taggar: |
Lägg till en tagg
Inga taggar, Lägg till första taggen!
|
MARC
| LEADER | 00000 a a2200000 04500 | ||
|---|---|---|---|
| 001 | 15790 | ||
| 003 | |||
| 040 | |||
| 090 | |a 014700 | ||
| 100 | |a Santos Costa, Raimundo Nonato | ||
| 245 | |a La oposición democrática en Brasil: 1964-1977 | ||
| 260 | |a México : | ||
| 300 | |a 18 p. | ||
| 500 | |a Proyecto de tesis, maestría de FLACSO | ||
| 999 | |c 6391 |d 6391 | ||
